000
00330nam a2200145Ia 4500
008
230711s9999||||xx |||||||||||||| ||und||
041
_a
ENG
082
_a
540
_b
CH-M
100
_a
Chortton,F
245
0
_a
Medical attendance rules
250
_a
5th
260
_c
1940
_a
New Delhi
_b
Chander,M.
650
_a
Literature
942
_c
BK
999
_c
2095
_d
2095